000 00195nam a22000857a 4500
008 170124b xxu||||| |||| 00| 0 eng d
100 _92554
_aPreethi
245 _aHindi Story Book
260 _aNew Delhi
999 _c5652
_d5652